Кн. 1: Производство глинозема; Справочник металлурга по цветным металлам

Detalhes bibliográficos
Parent link:Справочник металлурга по цветным металлам: в 2 кн./ А. А. Аграновский, В. И. Берх, В. А. Кавина и др.; под ред. Ю. В. Баймакова, Я. Е. Конторовича. Кн. 1: Производство глинозема.— , 1970-
Idioma:russo
Publicado em: 1970
Assuntos:
Formato: MixedMaterials Livro
KOHA link:https://koha.lib.tpu.ru/cgi-bin/koha/opac-detail.pl?biblionumber=378277

MARC

LEADER 00000nam2a2200000 4500
001 378277
005 20231101054446.0
035 |a (RuTPU)RU\TPU\retro\35732 
035 |a RU\TPU\book\81435 
090 |a 378277 
100 |a 20230522d1970 km y0rusy50 ca 
101 0 |a rus 
102 |a RU 
105 |a a g 001zy 
200 0 |a Кн. 1: Производство глинозема 
210 |d 1970 
215 |a 318 с.  |c ил. 
320 |a Библиогр.: с. 314-318. 
461 1 |0 (RuTPU)RU\TPU\book\81363  |t Справочник металлурга по цветным металлам  |o в 2 кн.  |f А. А. Аграновский, В. И. Берх, В. А. Кавина и др.  |g под ред. Ю. В. Баймакова, Я. Е. Конторовича  |v Кн. 1: Производство глинозема  |d 1970- 
610 1 |a справочники 
610 1 |a металлургия 
610 1 |a цветные металлы 
610 1 |a цветная металлургия 
610 1 |a глиноземы 
610 1 |a глиноземное производство 
610 1 |a физико-химические свойства 
675 |a 621.7М2/8(035)  |v 3 
675 |a 621.7М2(035)  |v 3 
801 1 |a RU  |b 63413507  |c 20050413  |g PSBO 
801 2 |a RU  |b 63413507  |c 20230522  |g PSBO 
942 |c BK